| 000 | 00439nam a2200133Ia 4500 | ||
|---|---|---|---|
| 005 | 20210429153911.0 | ||
| 008 | 210429s9999 xx 000 0 und d | ||
| 082 | _a660 A3151L | ||
| 100 |
_aM. Yalmaz Akhtar, M. Uzair Qureshi, Anas Bin Ashraf _955038 |
||
| 245 | _aLow Temperature Heat recovery system using organic and ammonis rankine cycle technology with CD (UG CHE-2016) | ||
| 260 | _c2016 | ||
| 300 | _a102p.30cm. | ||
| 942 |
_2ddc _cTH |
||
| 999 |
_c561090 _d561090 |
||